| 000 | 00816nam a22002537a 4500 | ||
|---|---|---|---|
| 001 | 200461524 | ||
| 003 | TR-AnTOB | ||
| 005 | 20241125164724.0 | ||
| 008 | 240703b tu ||||| |||| 00| 0 tur d | ||
| 040 |
_aTR-AnTOB _beng _erda _cTR-AnTOB |
||
| 041 | 0 | _atur | |
| 050 | 1 | 4 |
_aPL234 _b.M97 |
| 090 |
_aPL234 _b.M97 |
||
| 100 |
_aMüren, Zeki, _d1931-1996 _944041 |
||
| 245 | 1 | 0 |
_aBıldırcın yağmuru : _bşiirler / Zeki Müren. |
| 264 | 1 |
_a[Place of publication not identified] : _b[publisher not identified], _c[date of publication not identified] |
|
| 300 |
_a126, [1] pages ; _c20 cm |
||
| 336 |
_atext _btxt _2rdacontent |
||
| 337 |
_aunmediated _bn _2rdamedia |
||
| 338 |
_avolume _bnc _2rdacarrier |
||
| 650 | 7 |
_aTürk şiiri _y20. yüzyıl _2etuturkob _942838 |
|
| 942 |
_2lcc _cBK |
||
| 999 |
_c200461524 _d79736 |
||